| 000 | 00474nam#a2200193#c#4500 | ||
|---|---|---|---|
| 003 | IEF | ||
| 005 | 20180219145806.0 | ||
| 008 | 941031s1975 uuu####fr####| 0||u| |u | ||
| 040 | _aIEF | ||
| 100 | 1 |
_aMills, Daniel Quinn _929650 |
|
| 245 | _aGovernement, labor and inflation | ||
| 260 |
_aChicago _b University Press _c1975 |
||
| 300 |
_a311 p. _c 23 cm |
||
| 650 | 4 |
_aSALARIOS _948349 |
|
| 650 | 4 |
_aESTADOS UNIDOS _942888 |
|
| 942 | _cLIB | ||
| 942 | _z7746 | ||
| 999 |
_c2374 _d2374 |
||